000 00445nab a2200145Ia 4500
003 ES-SlBCS
005 20210601141846.0
008 140529s1973 xxu||||| |||| 00| 0 spa d
041 _aspa
100 1 _aHittmair, A. M.
_9261857
245 0 0 _aProblemas de salud en vacaciones y tiempo libre
_c A. M. Hittmair
650 0 4 _aSalud-Vacaciones
_9261858
773 0 _tFolia Humanistica
_gvol. 11, nº. 124, 1973, págs. 321-327
_wRev1220
942 _cAR
999 _c667514
_d667514